Exteriér horskej električky pre turistov

Salvato in:
Dettagli Bibliografici
Autore principale: Trnka, Peter (Autore)
Altri autori: Paliatka, Peter (Relatore della tesi)
Natura: Manoscritto Libro
Lingua:slovacco
Pubblicazione: Bratislava 2018
Soggetti:
Accesso online:http://is.stuba.sk/zp/portal_zp.pl?podrobnosti=133774
Tags: Aggiungi Tag
Nessun Tag, puoi essere il primo ad aggiungerne!!

MARC

LEADER 00000ntm a22000003a 4500
001 stuzp70772
003 SK-STU
005 20210129110936.9
007 ta
008 150427s2015----xo-----f-mn---000-0-slo-d
040 |a STU  |b slo 
041 0 |a slo 
100 1 |a Trnka, Peter  |u 059190  |4 aut  |U FAD Fakulta architektúry  |T FA Ústav dizajnu  |X 77229  |U A9190  |Y 400  |7 77229 
242 0 1 |a The exterior of mountain tram for turists  |y eng 
245 1 0 |a Exteriér horskej električky pre turistov 
260 |c 2018  |a Bratislava 
650 4 |a električka  |2 slo 
650 4 |a Ružomberok  |2 slo 
650 4 |a Korytnica  |2 slo 
650 4 |a tram  |2 eng 
650 4 |a Ružomberok  |2 eng 
650 4 |a Korytnica  |2 eng 
700 1 |a Paliatka, Peter  |u 059190  |k Z1  |4 ths  |U FAD Fakulta architektúry  |T FA Ústav dizajnu  |X 332  |U A9190  |Y 400  |7 A000000332 
856 4 |u http://is.stuba.sk/zp/portal_zp.pl?podrobnosti=133774  |u https://opac.crzp.sk/?fn=detailBiblioForm&sid=233ADDCA5EB56A1006ED3031D49A